000 01783nam a22002537a 4500
999 _c22108
_d22108
003 AR-CdUCM
008 190425b ||||| |||| 00| 0 spa d
040 _aMUNICIPALIDAD PROVINCIAL DEL CUSCO
_cBIBLIOTECA MUNICIPAL DEL CUSCO
082 _aSieteculebras/N°15/2001
245 _aSiete culebras :
_bRevista de cultura andina /
_cMario Guevara Paredes, Director
260 _aCusco :
_bSieteculebras,
_c2001.
300 _a50 páginas. :
_bilustraciones ;
_c30 cm.
440 _aRevista Siete Culebras.
_ndiciembre, enero 2001, N°15
_947458
505 _aContenido: Garcilaso de la Vega el Inca los comentario reales, novela epicoelegiaca en donde se narra la destrucción de un pueblo. Clary Loisel. -- Poesía. Verónica Sáenz. -- La narrativa andina peruana contemporánea y el indigenismo. Mark Cox. -- El jardín de los cactus cinco poetas peruanos en el paso, Texas. Miguel Ildefonso. -- Cuento. Nilo Tomaylla. -- Un siglo de puro cuento en el Perú, una pasión desbordante de imaginación. Maynor Freyre. -- Ernesto Che Guevara en Cusco. Mario Guevara Paredes. -- Bolero discurso de la postmodernidad en la narrativa latinoamericana, Carlos Baptista Díaz. -- Cuentos. Ana Bertha Vizcarra. -- Andinidad en la poesía femenina peruana. Gloria Mendoza Borda. -- Angela Ramos una voz más allá de la poesía. Ricardo Torres Gavela. -- La representación de la subalternidad indígena en tempestad en los andes. Juan Zevallos Aguilar. Crítica.
650 _aLiteratura cusqueña
_947453
650 _aNarradores cusqueños
_931142
650 _aLiteratos cusqueños
_944145
650 _aPoesía
_947456
700 _aGuevara Paredes, Mario
_96574
700 _aVizcarra, Ana Bertha
_947457
700 _aZevallos Aguilar, Juan
_929593
942 _2ddc
_cPP
945 _arac